| 000 | 00705nam a2200217Ia 4500 | ||
|---|---|---|---|
| 001 | 7072 | ||
| 003 | GE_BSU | ||
| 008 | 181216s||||||||xx |||||||||||||| ||und|| | ||
| 040 | _cGE_BSU | ||
| 080 | _a693.54(035) | ||
| 100 | _aТопчий,В.Д. Жадановский,Л.А. Широкова,Л.А. и др. | ||
| 245 | _aБетонные и железобетонные работы. | ||
| 245 | _bСправочник строителя. | ||
| 245 | _cПод ред. В.Д.Топчия. | ||
| 260 | _aМ. | ||
| 260 | _bСтройиздат. | ||
| 260 | _c1980. | ||
| 300 | _a200стр.20см.с илл. | ||
| 653 | _aБетонные и железобетонные работы. | ||
| 942 | _cBK | ||
| 999 |
_c40462 _d40462 |
||